Tom Cruise or Tom Hanks? Quiz Stats

 Plays Quiz Updated Jul 4, 2018

Challenge
Share
Tweet
Embed
Score 0/26 Timer 02:00
1 Play Today
Movie H or C? % Correct
Forrest Gump???
96.7%
Toy Story???
96.1%
Mission: Impossible???
96%
Top Gun???
95.9%
Cast Away???
95.3%
The Green Mile???
94.3%
Saving Private Ryan???
94.1%
The Da Vinci Code???
93.9%
Jerry Maguire???
93.4%
Big???
93.3%
Apollo 13???
93%
Sleepless in Seattle???
92.8%
War of the Worlds???
92.5%
Movie H or C? % Correct
You've Got Mail???
92.1%
Risky Business???
92%
Vanilla Sky???
91.7%
Minority Report???
90.6%
Philadelphia???
90.4%
Days of Thunder???
90.1%
Cocktail???
89.3%
Eyes Wide Shut???
88.2%
The Terminal???
87.1%
Rain Man???
87%
Catch Me If You Can???
86.2%
A Few Good Men???
84.8%
Far and Away???
75.5%

You're not logged in!

Compare scores with friends on all Sporcle quizzes.
OR
Log In

You Might Also Like...

Show Comments

Extras

Top Quizzes Today


Score Distribution

Your Account Isn't Verified!

In order to create a playlist on Sporcle, you need to verify the email address you used during registration. Go to your Sporcle Settings to finish the process.

Report this User

Report this user for behavior that violates our Community Guidelines.

Details: